Το μέλλον της δημοκρατίας στην Αίγυπτο : η συμβολή του ιππότου Χάλεντ Μόχη αλ-Ντην

Saved in:
Bibliographic Details
Main Author: Νικολάου-Πατραγάς, Κυριακός Θ.
Other Authors: Μάζης, Ιωάννης Θ. (Author of introduction, etc.)
Format: Book
Language:Greek
Published: Αθήναι : Ηρόδοτος, 2011.
Series:Islamica, Arabica et Turcica v.4
Subjects:
Tags: Add Tag
No Tags, Be the first to tag this record!

MARC

LEADER 00000nam a2200000 a 4500
001 1/119234
008 190619s2011####gr | ||| |||| ||gre||
020 |a 9789604850167 
040 |a GR-MyUa  |b gre  |c GR-MyUa  |e AACR2 
041 0 |a gre 
082 7 |a 320.962   |2 (23) 
100 1 |a Νικολάου-Πατραγάς, Κυριακός Θ. 
245 1 0 |a Το μέλλον της δημοκρατίας στην Αίγυπτο :   |b η συμβολή του ιππότου Χάλεντ Μόχη αλ-Ντην /   |c Κυριάκος Θ. Νικολάου-Πατραγάς ; πρόλογοι: Ιωάννης Θ. Μάζης - Χάλεντ Μόχη αλ-Ντην.  
260 |a Αθήναι :   |b Ηρόδοτος,   |c 2011.  
300 |a 290 σ. ;   |c 24 εκ.  
490 1 |a (Islamica, Arabica et Turcica ;   |v  vol.IV) 
600 1 0 |a Abd al-Halim, Muhyi al-Din. 
650 0 |a Democracy  |z Egypt. 
651 0 |a Egypt  |x Politics and government  |y 1970-1981. 
700 1 |a Μάζης, Ιωάννης Θ.  |e aui 
830 0 |a Islamica, Arabica et Turcica  |v  v.4 
852 |a INST  |b RHODES  |c EUDOXUS  |e 20190619  |h 320.962 ΝΙΚ  |p 005400040946  |q 005400040946  |t EDX  |y 0 
920 |a Εύδοξος   |b Παραγγελία  |y Ρόδος-ΠΤΔΕ  |z 2019-05 
970 |a Κόζα   |b Μαρία  |z 19/06/2019